000 01173cam a22003377a 4500
003 CHAP
005 20220329142147.0
008 000121d mx r 00110 spa d
010 _a79374
011 _a80346
035 _a90796
040 _cCHAP
090 _aTesis
100 0 0 _aMonter Partida, Judith.
_977802
245 1 0 _aRespuesta a la inoculación con Azospirullum spp. en trigo y sorgo bajo condiciones de campo
_c/por Judith Monter Partida
260 _aIrapuato, Gto. :
_bEl autor,
_c1993.
300 _a88 h. ;
_bgráfs. ; cuadros
502 _aTesis (Ing. Agr. Fitotecnista) -- Universidad de Guanajuato. Escuela de Agronomía y Zootecnia
590 _aALEPH
_b10
_c20130110
_lUCH01
_h1430
590 _aBATCH-UPD
_b10
_c20130110
_lUCH01
_h1242
590 _aBATCH-UPD
_b10
_c20130410
_lUCH01
_h0807
590 _aBATCH-UPD
_b10
_c20130914
_lUCH01
_h0508
590 _aCONVERSION
_b10
_c20130109
_lUCH01
_h1344
650 1 4 _aAzospirillum.
_99126
650 1 4 _aSorgo
_xInoculación.
_9108685
650 1 4 _aTrigo
_xInoculación.
_9115045
901 _aBK
905 _aAlejandra Carrasco M.
942 _cTESIS
949 _bBC
_cTES
_d907961
_eTS1
_h34035
_i90796
_sb
999 _c79374
_d79374